Normal view
MARC view
- قانون -- قانون جنائي
Entry Topical Term
001 - CONTROL NUMBER
- control field: 47197
003 - CONTROL NUMBER IDENTIFIER
- control field: JO-AjAnu
005 - DATE AND TIME OF LATEST TRANSACTION
- control field: 20230606081808.0
008 - FIXED-LENGTH DATA ELEMENTS
- fixed length control field: 230606|| aca||aabn | a|a d
040 ## - CATALOGING SOURCE
- Original cataloging agency: JO-AjAnu
- Transcribing agency: JO-AjAnu
150 ## - HEADING--TOPICAL TERM
- Topical term or geographic name entry element: قانون -- قانون جنائي
670 ## - SOURCE DATA FOUND
- Source citation: Work cat.: (JO-AjAnu)24154: عبيد، موفق علي , author 47196, المسؤولية الجزائية للأطباء عن إفشاء السر المهني